| 000 | 00523nam a2200169 a 4500 | ||
|---|---|---|---|
| 001 | 000029223 | ||
| 005 | 20240305132444.0 | ||
| 008 | 110414s1982 dr ac 000 0 spa d | ||
| 040 |
_aDO-SdBNP _bspa _cBNPHU |
||
| 082 |
_axxxx _bF866d |
||
| 100 | 1 |
_aFreites, Alfredo _956119 |
|
| 245 | 1 | 3 |
_aEl divorcio : _b(emocional y legal) / _cAlfredo Freites, Denis Mota Álvarez. |
| 260 |
_aSanto Domingo : _bGente, _c1982. |
||
| 300 |
_a38 p. : _bil., retrs. ; _c19 cm. |
||
| 700 | 1 | 2 |
_aMota Álvarez, Denis, _d1952- _911007 |
| 049 | _aBNPD | ||
| 999 |
_c28715 _d28715 |
||